| 000 | 00413nam a2200157Ia 4500 | ||
|---|---|---|---|
| 005 | 20250416162917.0 | ||
| 008 | 231217s9999 xx 000 0 und d | ||
| 020 | _a9788131408773 | ||
| 082 | _a338.17 RAO;1 R | ||
| 100 | _aRao, Pramod. Varma, Anil ed. | ||
| 245 | 0 | _aPeak oil : issues and strategies | |
| 260 |
_c2007 _bIcfai _aHyderabad |
||
| 300 | _ax, 238 | ||
| 650 | _aPeak,oil,strategies | ||
| 942 | _cAA | ||
| 999 |
_c187081 _d187081 |
||